Планирование социального развития коллективов строительно-монтажных организаций

Bibliographische Detailangaben
1. Verfasser: Дрикер А. Я. Арон Яковлевич
Sprache:Russisch
Veröffentlicht: Москва, Стройиздат, 1988
Schriftenreihe:Наука-Строительному производству
Schlagworte:
Format: MixedMaterials Buch
KOHA link:https://koha.lib.tpu.ru/cgi-bin/koha/opac-detail.pl?biblionumber=259724

MARC

LEADER 00000nam0a2200000 4500
001 259724
005 20231101233418.0
010 |a 5274000649 
035 |a (RuTPU)RU\TPU\book\282670 
090 |a 259724 
100 |a 20140512d1988 k y0rusy50 ca 
101 0 |a rus 
102 |a RU 
105 |a y z 001zy 
200 1 |a Планирование социального развития коллективов строительно-монтажных организаций  |f А. Я. Дрикер 
210 |a Москва  |c Стройиздат  |d 1988 
215 |a 128 с. 
225 1 |a Наука-Строительному производству 
320 |a Библиогр.: с. 128. 
606 1 |a Строительные организации  |x Социальное планирование  |2 stltpush  |3 (RuTPU)RU\TPU\subj\57671  |9 75529 
610 1 |a социальное развитие 
610 1 |a коллектив 
610 1 |a нормативная база 
610 1 |a планирование 
610 1 |a контроль 
610 1 |a мероприятия 
675 |a 69:658.3  |v 3 
700 1 |a Дрикер  |b А. Я.  |g Арон Яковлевич 
801 1 |a RU  |b 63413507  |c 20140512 
801 2 |a RU  |b 63413507  |c 20160411  |g RCR 
942 |c BK